000 00638cam a2200253 4500
001 sa 68012290
003 DLC
005 20260227112608.0
008 691024r1967 ii 000 0 eng
010 _asa 68012290 //r96
025 _aPL480:I-E-9291
040 _aDLC
_cDLC
_dDLC
050 0 0 _aPR6054.E25
_bT5
082 0 0 _a822
100 1 0 _aDeb, Lakhan.
245 1 0 _aTigerclaw.
250 _a[1st Indian ed.
260 0 _aNew Delhi,
_c1967-
300 _a103 p.
_c19 cm.
350 _a10.00
600 1 0 _aShivaji, Raja,
_d1627-1680
_xDrama.
651 0 _aIndia
_xKings and rulers
_xDrama.
655 7 _aHistorical drama.
_2gsafd
999 _c84433
_d84433